Normal view
MARC view
Entry Personal Name
001 - CONTROL NUMBER
- control field: 6749
003 - CONTROL NUMBER IDENTIFIER
- control field: BD-RjUL
005 - DATE AND TIME OF LATEST TRANSACTION
- control field: 20230130164011.0
008 - FIXED-LENGTH DATA ELEMENTS
- fixed length control field: 230130|| aca||aabn | a|a d
040 ## - CATALOGING SOURCE
- Original cataloging agency: BD-RjUL
- Transcribing agency: BD-RjUL
100 ## - HEADING--PERSONAL NAME
- Personal name: Haque, Md. Jawadul , Co-Supervisor
670 ## - SOURCE DATA FOUND
- Source citation: Work cat.: (BD-RjUL)81141: Abdullah, Adam 6747, Effects of environment on autism spectrum disorder in Rajshahi Divison, Bangladesh /, 2020